000 00181pam a2200109 a 4500
020 _c
041 _h
100 _aCPR
245 _aThink Green
653 _aStory
930 _a944
999 _c246797
_d246797